15 Largest Seas in the World - Statistics

General Stats
  • This quiz has been taken 23 times
  • The average score is 8 of 15
Answer Stats
Size (sq mi) Answer % Correct
1.49m Arabian Sea
92%
1.06m Caribbean Sea
83%
0.97m Mediterranean Sea
83%
1.4m South China Sea
83%
0.77m Bering Sea
67%
1.85m Coral Sea
67%
0.6m Gulf of Mexico
67%
0.84m Bay of Bengal
58%
2.2m Philippine Sea
58%
0.89m Tasman Sea
58%
0.59m Gulf of Alaska
42%
0.91m Gulf of Guinea
33%
1.4m Sargasso Sea
25%
1.1m Weddell Sea
17%
0.61m Sea of Okhotsk
8%
No matching quizzes found
Score Distribution
Percent of People with Each Score
Percentile by Number Answered
Your Score History
You have not taken this quiz